| 000 | 00390nam a2200157 4500 | ||
|---|---|---|---|
| 999 |
_c7817 _d7817 |
||
| 003 | OSt | ||
| 005 | 20200522124241.0 | ||
| 008 | 200522b ||||| |||| 00| 0 eng d | ||
| 020 | _a9788131522332 | ||
| 082 | _a658.404BIR | ||
| 100 | _aHoward G. Birnberg | ||
| 245 | _aProject Management for Designers and Facilities Managers | ||
| 250 | _a3rd ed. | ||
| 260 | _bCengage India | ||
| 942 | _2ddc | ||